El ingeniero Joaquín Gallo Monterrubio: astrónomo, universitario y hombre cabal: cuasi una biografía /

Semblanza biográfica de Joaquín Gallo Monterrubio, destacado astrónomo mexicano, quien fue director del Observatorio de Tacubaya de 1915 a 1946.

Збережено в:
Бібліографічні деталі
Автор: Gallo Monterrubio, Joaquín (autor)
Формат: Книга
Мова:Іспанська
Опубліковано: México : Joaquín Gallo Sarlat, 1982
Предмети:
Теги: Додати тег
Немає тегів, Будьте першим, хто поставить тег для цього запису!

MARC

LEADER 00000nam^a2200000^a^4500
001 000041037
005 20250521000000.0
009 20260310085642.389
037 |a Acervo ITESO - Biblioteca 
041 |a ESP 
082 |a 925. 2  |b GAL 
100 |a Gallo Monterrubio, Joaquín  |e (autor) 
245 1 3 |a El ingeniero Joaquín Gallo Monterrubio: astrónomo, universitario y hombre cabal: cuasi una biografía /  |c J. Gallo Monterrubio; recopilación de Joaquín Gallo Sarlat. 
264 1 |a México :  |b Joaquín Gallo Sarlat,  |c 1982 
300 |a 175 p. 
336 |a texto  |b txt  |2 rdacontenido 
337 |a sin mediación  |b n  |2 rdamedio 
338 |a volumen  |b nc  |2 rdasoporte 
520 |a Semblanza biográfica de Joaquín Gallo Monterrubio, destacado astrónomo mexicano, quien fue director del Observatorio de Tacubaya de 1915 a 1946. 
649 |a XX 
650 |a Historia 
650 |a Astronomía 
650 |a Astrónomos Mexicanos -  |x Biografías 
910 |a Fondo General 
920 |a Impresos - Libros 
930 |a Colección General 
905 |a 101 
901 |a 0410370100  |b IT1  |c ACC  |i 041037  |u 20250521 
902 |a https://opac.biblio.iteso.mx/vufind/Record/000041037